[Event "Nanjing Pearl Spring 1st"]
[Site "Nanjing"]
[Date "2008.12.11"]
[Round "1"]
[White "Movsesian, Sergei"]
[Black "Bu, Xiangzhi"]
[Result "0-1"]
[WhiteElo "2732"]
[BlackElo "2714"]
[Annotator "Postny,E"]
[PlyCount "116"]
[EventDate "2008.12.11"]
[EventType "tourn"]
[EventRounds "10"]
[EventCountry "CHN"]
[EventCategory "21"]
[SourceTitle "CBM 128"]
[Source "ChessBase"]
[SourceDate "2009.01.28"]
[SourceVersion "1"]
[SourceVersionDate "2009.01.28"]
[SourceQuality "1"]

1. e4 e5 2. Bc4 {The so called "Bishop's Opening" usually leads to a quiet
game а la Giuoco Piano.} Nf6 3. d3 c6 4. Nf3 d5 5. Bb3 Bd6 6. Nc3 ({Other
theoretical lines lead to more complicated play and go as follows:} 6. exd5
cxd5 (6... Nxd5 7. O-O O-O 8. Re1) 7. Bg5 Be6 8. Nc3 Qa5 9. O-O Nbd7 $11) 6...
dxe4 (6... d4 7. Ne2 {is a totally different story.}) 7. Ng5 {[%csl Rf7]} O-O
8. Ncxe4 Nxe4 9. Nxe4 Bf5 10. Qf3 {If White grabs the dark-squared bishop, he
does not get any advantage either.} (10. O-O Na6 11. Nxd6 Qxd6 12. Qf3 Be6 13.
Qg3 $2 (13. Bd2 $11) 13... Bxb3 14. axb3 Nb4 15. c3 Nxd3 16. Rd1 Rad8 $17 {
1/2-1/2 Anand,V (2770)-Kramnik,V (2790)/Frankfurt 1998/CBM 065 ext (59)}) 10...
Bxe4 (10... Bg6 $6 {is just a waste of a tempo. After} 11. h4 $1 {Black will
be forced to exchange on e4 anyway.}) 11. dxe4 Nd7 12. c3 a5 13. O-O {I would
prefer to play 13.a4 as White, not allowing Black to get space on the
queenside. Perhaps it's just a matter of taste.} (13. a4 Nc5 14. Bc2 Ne6 15.
O-O Qe7 16. Rd1 Rfd8 17. g3 Bc5 18. Bd2 Rd7 19. h4 Rad8 20. Be1 Bb6 $11 {
1/2-1/2 Karjakin,S (2732)-Gelfand,B (2737)/Nice 2008/CBM 123 Extra (46)}) 13...
a4 (13... Nc5 14. Bc2 b5 15. Be3 Qc7 16. Qe2 a4 17. Rad1 Ne6 18. g3 Bc5 19. Bc1
Rad8 20. Kg2 Rxd1 21. Rxd1 Rd8 $11 {1/2-1/2 Bruzon Bautista,L (2669)-Dominguez,
L (2658)/Havana 2005/CBM 107 (47)}) 14. Bc2 Qe7 15. Rd1 Rfd8 {The position is
equal. It is difficult for White to make use of his pair of bishops, since the
position is closed. Actually, both sides has difficulties finding a clear plan,
except the one of exchanging all the heavy pieces along the d-file, as seen in
some games mentioned above.} 16. h4 h6 {Covering the g5-square.} 17. g3 b5 18.
Bd2 Nf8 19. Qg4 {[%csl Rh6]} Qe6 20. Qxe6 {The exchange of queens does not
change the evaluation of the position as completely equal.} Nxe6 21. Kf1 Kf8 {
After swapping queens both sides feel safe in centralising their monarchs.} 22.
Be1 Ke7 23. Rd2 g5 24. hxg5 hxg5 25. Bd1 {Preventing ...g5-g4 and transfering
the bishop to a more active location.} b4 $1 26. Bg4 {White should keep his
pawn on c3, otherwise Black's knight will get an excellent outpost on d4.} (26.
cxb4 $6 Rh8 27. Kg2 (27. a3 Rh1+ 28. Ke2 Nd4+ {and White has to give up the
exchange.}) 27... Bxb4 28. Re2 Bxe1 29. Rxe1 Nd4 $15 {[%csl Gd4]}) 26... bxc3
27. bxc3 Rab8 28. Rad1 $6 {I think it was the right time to eliminate the
knight and play for equality.} (28. Bxe6 $1 Kxe6 29. Rad1 $11) 28... Nc5 29. f3
a3 $1 30. Bf2 Na4 31. Be3 f6 32. c4 (32. Rh2 $2 Rh8 33. Rxh8 Rxh8 {and White
will lose either Pc3 or Pa2, or even both of them!}) 32... Nb2 33. Rc1 (33. c5
$2 Nxd1 34. cxd6+ Rxd6 35. Bc5 Ne3+ $1 36. Ke2 (36. Bxe3 Rxd2 37. Bxd2 Rb2 $19)
36... Nc4 37. Bxd6+ Nxd6 {and an extra pawn should make Black's day.}) 33...
Bb4 34. Rh2 Rh8 35. Rxh8 Rxh8 36. Kg2 Rd8 {Suddenly, White is experiencing
problems. Where did he go astray? It is really hard to point out... except his
28th move, perhaps. Still, White's position is defendable.} 37. Rh1 $2 {
I can understand Movsesian striving for active counterplay, but this is just
not the case.} (37. Rc2 Rd3 (37... Rd1 38. f4 Re1 39. Be2 {holds.}) 38. Bc1 Na4
39. f4 {White must get back his light-squared bishop into the defense.} gxf4
40. gxf4 Rc3 41. Bd1 Rxc2+ 42. Bxc2 Nc3 43. Bb3 Ne2 44. Be3 exf4 45. Kf3 fxe3
46. Kxe2 $11) 37... Nxc4 $19 38. Rh7+ Kd6 39. Ba7 c5 {Bu didn't fall into the
trap.} (39... Bc5 $4 40. Bb8+ $1 Rxb8 41. Rd7#) 40. Bh5 Ba5 ({The immediate} 
40... Kc6 {would have been more precise.}) 41. Rf7 Kc6 42. Rxf6+ Kb5 43. Kh3
Rh8 44. g4 Ra8 45. Rf7 Nd6 46. Rd7 Kc6 47. Rh7 Bb4 48. f4 {The last practical
chance.} exf4 49. e5 Nc8 50. e6 Kd6 51. Rh8 (51. Bb6 Ne7 $1 52. Bc7+ Kxc7 53.
Rxe7+ Kd6 54. Rg7 Kxe6 55. Rxg5 c4 $19) 51... Kxe6 {The pawn is gone, White
may resign.} 52. Bg6 Kd5 53. Rd8+ Kc4 54. Bf5 Rxa7 55. Rxc8 Kc3 56. Rc6 Kb2 57.
Be6 Re7 58. Kg2 Rxe6 0-1

[Event "World Cup"]
[Site "Khanty-Mansiysk"]
[Date "2009.11.28"]
[Round "3.2"]
[White "Polgar, Judit"]
[Black "Gelfand, Boris"]
[Result "1-0"]
[WhiteElo "2680"]
[BlackElo "2758"]
[Annotator "Postny,E"]
[PlyCount "63"]
[EventDate "2009.11.21"]
[EventType "k.o."]
[EventRounds "7"]
[EventCountry "RUS"]
[SourceTitle "CBM 134"]
[Source "ChessBase"]
[SourceDate "2010.01.18"]
[SourceVersion "1"]
[SourceVersionDate "2010.01.18"]
[SourceQuality "1"]

1. e4 e5 2. Bc4 {Judith Polgar avoids the Petroff Defence as she needed to win
this game to level the score.} Nf6 3. d3 c6 4. Qe2 {This move is directed to
prevent the advance d7-d5.} ({In case of} 4. Nf3 {Black can play} d5 $11) 4...
Be7 ({Actually} 4... d5 $5 {is possible at this point too, but Black has to be
ready to sacrifice a pawn for an initiative. For instanse:} 5. exd5 cxd5 6.
Qxe5+ (6. Bb5+ Nc6 7. Nf3 Bd6 8. Nxe5 O-O 9. Nxc6 bxc6 10. Bxc6 Bg4 11. f3 Rc8
12. fxg4 Rxc6 13. O-O Qc7 $44 {[%csl Rc2,Rh2]}) 6... Be7 7. Bb5+ Nc6 8. Bxc6+
bxc6 9. Nf3 O-O 10. O-O Bd6 $44) 5. Nf3 O-O 6. Bb3 d6 (6... d5 7. O-O Bg4 8. h3
Bxf3 9. Qxf3 Na6 10. exd5 Nxd5 11. Re1 Bf6 12. Nd2 Nc5 13. Ne4 Nxb3 14. axb3
Be7 15. Ng3 $14 {0-1 Rathore,S (2372)-Sasikiran,K (2525)/Nagpur 1999/CBM 069
ext (40)}) 7. O-O Nbd7 8. c3 a5 9. a4 b5 {Boris is going for an immediate
queenside expansion.} (9... Nc5 10. Bc2 Ne6 {was another logical option.}) 10.
Bc2 Ba6 11. axb5 cxb5 12. Nbd2 Qc7 13. d4 a4 (13... b4 $6 14. c4 $14 {The Pa5
might become a weakness.}) 14. Bd3 Rfb8 15. Nh4 g6 16. f4 {The situation in
the match urges Judith to play aggressively without really concerning about
the risk.} exf4 17. Ndf3 Nh5 18. Bd2 Nb6 19. g4 $1 {The only way to continue
the initiative.} fxg3 20. Ng5 Nc4 $2 {Boris Gelfand played superbly in
Khanty-Mansiysk, but in the current game he lost control over the position.} (
20... gxh2+ 21. Qxh2 Bxg5 22. Bxg5 b4 {Black must exchange as many pieces as
possible to reduce white's attacking potential.} 23. Bxa6 Rxa6 24. Nf5 f6 25.
Nh6+ Kg7 {and Black defends successfully.}) 21. Nf5 $2 {This is tempting, but
the simple 21.Rxf7 could yield White already a crushing attack.} (21. Rxf7
gxh2+ (21... Rf8 22. Rxh7 $18) 22. Kxh2 $3 {This recapture is amazing for a
human, but in such a sharp position an engine knows better...} (22. Qxh2 $2
Nxd2 23. Rxh7 (23. Nf5 $4 Bxg5 24. Rxc7 Nf3+ $19 {reveals the drawback of 22.
Qxh2 compared to the correct 22.Kxh2.}) 23... b4 24. Bxa6 Qa5 25. Rxh5 gxh5 26.
Nf5 Bxg5 27. Qxh5 Qd8 28. Qg6+ Kf8 29. Qg7+ Ke8 30. Qg6+ Kf8 $11) 22... Nxd2
23. Nf5 $1 $18) 21... Bxg5 22. Bxg5 f6 (22... gxf5 $2 23. Qxh5 $18 {[%cal
Gg5f6]}) 23. Bh4 gxh2+ 24. Qxh2 Rf8 (24... gxf5 25. Rxf5 Ng7 26. Rf3 $1 Qf7 (
26... f5 27. exf5 Bb7 28. Rg3 $40) 27. Bxf6 Nh5 28. e5 Nxf6 29. Rxf6 Qe7 30.
Kf2 Nxb2 31. Qg2+ Kh8 32. Bxh7 Qxh7 33. Rh1 Ra7 34. Rxh7+ Rxh7 35. Qf3 Rg8 36.
Rf8 $18) 25. Be2 gxf5 (25... Nd2 26. Bxh5 Nxf1 27. Qg2 Kh8 28. Bxg6 b4 29. Rxa4
hxg6 30. Qxg6 Qf7 31. Bxf6+ Qxf6 32. Qh5+ Kg8 33. Nh6+ Kg7 34. Nf5+ Kg8 $11)
26. Bxh5 fxe4 $2 {Too greedy. Boris had to bring his queenside pieces into
action as soon as possible.} (26... Qg7+ 27. Kh1 Bb7 28. Qf4 (28. d5 Qe7 29.
Rae1 fxe4 30. Qg2+ Kh8 31. Rxe4 Qd7 32. Re2 Ne5 $1 33. Bxf6+ Rxf6 34. Rxf6 Rg8
{with fine compensation for an exchange.}) 28... Kh8 29. Kh2 Bxe4 30. Rg1 Qe7
31. Qh6 a3 $1 32. bxa3 Nb6 33. Bg6 Nd5 34. Rae1 Rxa3 35. Bxh7 Ra2+ 36. Kh3 Nf4+
37. Kg3 $1 Nh5+ $1 38. Kh3 $11 {Another spectacular line by an engine!} (38.
Qxh5 $2 Qxh7 39. Qxh7+ Kxh7 $19)) 27. Qf4 $1 (27. Bxf6 {would allow Black to
sacrifice an exchange:} Rxf6 28. Rxf6 Qg7+ 29. Qg2 Qxg2+ 30. Kxg2 Nxb2 $13)
27... f5 (27... e3 28. Kh2 $40 {[%cal Gf1g1]}) (27... Qg7+ 28. Kh2 Kh8 29. Rg1
Qe7 30. Qh6 $40 {[%csl Rf6][%cal Ga1f1]}) 28. Kh1 Kh8 29. Rg1 {Most of black's
pieces got stuck on the queenside and can't help his king.} Rf7 (29... Nb6 30.
Qh6 Nd5 31. Rg2 Rg8 32. Bf6+ Nxf6 33. Qxf6+ Rg7 34. Rag1 Rag8 35. Rxg7 Rxg7 36.
Qf8+ $18) 30. Bxf7 Qxf7 31. Qh6 Rf8 32. Rg6 $1 {[%csl Rf6] There is no defense
against 33.Bf6+ or 33.Rf6.} 1-0

[Event "London Classic 2nd"]
[Site "London"]
[Date "2010.12.08"]
[Round "1"]
[White "Short, Nigel D"]
[Black "Kramnik, Vladimir"]
[Result "0-1"]
[WhiteElo "2680"]
[BlackElo "2791"]
[Annotator "Postny,E"]
[PlyCount "76"]
[EventDate "2010.12.06"]
[EventType "tourn"]
[EventRounds "7"]
[EventCountry "ENG"]
[EventCategory "19"]
[SourceTitle "CBM 140"]
[Source "ChessBase"]
[SourceDate "2011.01.18"]
[SourceVersion "1"]
[SourceVersionDate "2011.01.18"]
[SourceQuality "1"]

1. e4 e5 2. Bc4 Nf6 3. Qe2 {Short avoids the main theoretical paths at the
very beginning.} Bc5 (3... Nc6 4. Nf3 Bc5 {would transpose to the Italian
Opening with an early Qd1-e2.}) 4. d3 O-O 5. Bg5 (5. f4 $2 d5 {is just bad for
White.}) 5... c6 {Kramnik follows the plan of seizing space in the centre.} 6.
Nd2 h6 (6... b5 7. Bb3 a5 8. a4 {is not the best plan for Black.}) 7. Bh4 Re8
8. Ngf3 {There was no more point in delaying this natural developing move.} Bf8
{A typical classical manoeuvre in this structure, while Black's pawn is still
on d7 and not on d6.} 9. a4 (9. O-O-O $2 {would be way too optimistic. After}
b5 10. Bb3 a5 {White's king wouldn't feel safe at all.}) (9. c3 d5 10. Bb3 {
is possible. In this case the position is equal. White's plan is standard and
includes the manoeuvre Nd2-f1-e3.}) 9... d5 10. Bxf6 $5 {This decision is
controversial. It is tempting to spoil the opponent's pawn structure. However,
Black gets the bishop pair and more influence in the centre. As the
continuation of the game showed, from a practical point of view it would be
easier to play the resulting position as Black.} (10. Ba2 Be6 ({In the event of
} 10... g5 $5 11. Bg3 Nh5 {White can consider} 12. O-O-O $5 {Here both kings
are vulnerable, the position is double-edged.} (12. Bxe5 $2 g4 {loses a piece.}
)) 11. O-O Nbd7 12. Rfe1 {would be a safe positional continuation with equal
chances.}) 10... gxf6 11. Ba2 f5 $15 {This is exactly what I was meaning by
"more influence in the centre".} 12. O-O Na6 {The knight finds a good route
without obstructing the light-squared bishop.} 13. Rfe1 Bg7 {This is the idea
behind 8...Bf8. Black has made a sort of fianchetto, and now bishop isoffering
good protection to the weakened shelter of Black's king.} 14. c3 (14. Nf1 {
was called for, trying to provoke the advance f5-f4, which would release some
of the pressure on the centre.}) 14... Be6 15. exd5 $6 {Giving up the fight
over the centre can't be recommended. Again, the manoeuvre Nd2-f1 was an
option. Some fascinating complications could arise.} (15. Nf1 dxe4 (15... Nc5
16. Ng3 Nxd3 17. exd5 (17. Qxd3 fxe4 18. Nxe4 Bf5 19. Nfd2 dxe4 20. Qe2 $11)
17... Nxe1 18. dxe6 Nxf3+ 19. Qxf3 fxe6 20. Qxf5 Qf6 21. Qg4 $44) 16. dxe4 fxe4
17. N3d2 $1 (17. Qxe4 Nc5 18. Qe3 Bxa2 19. Rxa2 Qd5 20. Raa1 e4 21. Red1 exf3
22. Rxd5 Rxe3 23. Rxc5 Re2 24. Rb1 fxg2 25. Kxg2 Rd8 $15) 17... Bxa2 18. Rxa2
f5 19. Ne3 Rf8 20. g4 Qg5 21. Kh1 fxg4 22. Nxe4 Qf4 23. Qxg4 Qxg4 24. Nxg4 $11)
15... Bxd5 (15... cxd5 $6 16. Nxe5 $1 d4 17. Bxe6 Rxe6 18. cxd4 f6 19. Ndf3
fxe5 20. dxe5 {In this, materially balanced position, I would prefer to be on
the white side, as Black's king is vulnerable.}) 16. Bxd5 cxd5 17. g3 {[%cal
Gf3h4]} Bf6 18. Qe3 Kh7 19. Nb3 {White's main problem in this position is the
lack of clear plan. Meanwhile, Black can improve his position step by step.}
Qd7 20. Nc5 {The exchange of one pair of knights will make White's game a bit
easier.} Nxc5 21. Qxc5 a6 22. Re2 Re6 23. Rae1 Rae8 24. c4 $2 {This impatient
move only helps Black to perform a central breakthrough.} (24. d4 $2 e4 25. Nd2
b5 $1 {[%csl Rc5][%cal Gf6e7] suddenly finds White's queen in danger.}) ({
A waiting move like} 24. Qb4 {would have been better.}) 24... b6 25. Qb4 d4 {
From now on Kramnik's play reminds one of a bulldozer.} 26. Qb3 e4 27. Nd2 e3
28. fxe3 dxe3 29. Nf3 f4 $1 30. d4 $1 {The best practical chance.} (30. gxf4 $2
Qc6 31. Rf1 Rg8+ 32. Kh1 (32. Rg2 e2 $19) 32... Rg4 $19) 30... Re4 ({The
following line is convincing, but very unhuman:} 30... Bxd4 31. Qd3+ (31. Rd1
Rd6 32. Qd3+ f5 33. Nxd4 Re4 $19) 31... Re4 32. Rd1 f5 $1 33. Nxd4 Rd8 34. Qb1
f3 $1 $19) 31. Qxb6 Bxd4 32. Qxa6 $2 {This loses by force.} (32. Rd1 $1 Bxb6 (
32... Qg4 33. Nxd4 Rxd4 34. Rxd4 Qxe2 35. Rxf4 Qd1+ 36. Kg2 {and Black doesn't
have more than a perpetual check.}) 33. Rxd7 Rxc4 34. Rxf7+ Kg6 35. Rd7 {
would still allow White to keep his head above water.}) 32... fxg3 $19 33. Qb5
Qg4 34. Nxd4 gxh2+ 35. Kh1 Rxd4 {White can't save his monarch.} 36. Qb7 Qf5 37.
Rxh2 e2 38. Qg2 Rd1 {Well played by Vladimir Kramnik!} 0-1

[Event "SUI-chT"]
[Site "Switzerland"]
[Date "2006.09.02"]
[Round "6.1"]
[White "Prusikin, Michael"]
[Black "Gabriel, Christian"]
[Result "1-0"]
[WhiteElo "2507"]
[BlackElo "2572"]
[Annotator "Prusikin,M"]
[PlyCount "77"]
[EventDate "2006.02.26"]
[EventType "team-tourn"]
[EventRounds "9"]
[EventCountry "SUI"]
[SourceTitle "EXT 2007"]
[Source "ChessBase"]
[SourceDate "2006.11.23"]
[SourceVersion "1"]
[SourceVersionDate "2006.11.23"]
[SourceQuality "1"]
[WhiteTeam "Wollishofen"]
[BlackTeam "Zuerich"]
[WhiteTeamCountry "SUI"]
[BlackTeamCountry "SUI"]

1. e4 e5 2. Bc4 Nf6 3. d3 Bc5 4. Nf3 d6 5. c3 O-O 6. O-O Bb6 7. Nbd2 c6 8. Bb3
Nbd7 9. Re1 Re8 10. Nf1 Nf8 11. Ng3 h6 12. h3 Be6 {"Verpasst" die letzte
Chance, die Symmetrie aufrecht zu erhalten.} (12... Ng6 13. d4) 13. Bc2 Ng6 14.
d4 Qc7 15. Be3 Rad8 16. Qc1 (16. Qd2 exd4 17. cxd4 c5 18. Rec1 Qe7 19. d5 Bd7
20. a4 Rc8 21. a5 Bd8 22. b4 b6 23. Bd3 c4 24. Bb1 Ne5 25. Nd4 bxa5 26. bxa5 c3
27. Rxc3 Nc4 28. Qc1 Nxe3 29. Rxc8 Bxc8 30. Qxc8 Qe5 31. Qc3 Nfxd5 32. exd5 Bh4
33. Qxe3 Bxg3 34. Ra3 Rb8 35. Rb3 {1-0 (35) Nyzhnyk,I (2628)-Priyadharshan,K 
(2462) Las Vegas 2015}) 16... Qe7 $146 (16... Bc8 17. a4 a5 18. Nf5 exd4 19.
Bxh6 d5 20. Nxg7 d3 21. Nxe8 Rxe8 22. Bxd3 Bxh3 23. Be3 Bxg2 24. Bxb6 Qxb6 25.
Kxg2 dxe4 26. Qg5 c5 27. Bb5 exf3+ 28. Kg1 Rxe1+ 29. Rxe1 Kg7 30. Bd3 Qd6 31.
Bxg6 fxg6 32. Qe3 Qd5 33. Qe7+ Qf7 34. Qxc5 Nd5 35. Re5 Qd7 36. Qd4 {1-0 (36)
Rabiega,R (2503)-Baumegger,S (2350) Austria 2003}) 17. a4 $1 {Nutzt den
Umstand aus, dass Schwarz sich gegen eine weitere Expansion nicht wehren kann:}
Nd7 (17... a5 $4 18. dxe5 Bxe3 19. exf6 $18) 18. a5 Bc7 19. dxe5 $6 {Eine
Entlastung für Schwarz, es machte keinen Sinn, diesen Hebel aufzulösen und
den Raumvorteil aufzugeben.} (19. a6 $5 $14) 19... dxe5 20. Nf5 Qf8 21. b4 (21.
Bxa7 $6 Ra8 $11) 21... a6 22. g3 $1 {Schränkt den Sg6 ein.} Kh7 23. h4 $6 {
Besser wäre gewesen, den untätigen Ta1 ins Spiel zu bringen:} (23. Qb2 Ne7
24. Rad1 $14 {analog zur Partie kann Schwarz jetzt jedenfalls nicht verfahren:}
Ng8 25. Qc1 g6 $4 26. Nxh6 Nxh6 27. Ng5+ $18) 23... Ne7 {Diesen Zug verband
Christian mit einem völlig berechtigten Remisangebot.} 24. h5 {Schwer zu
sagen, was mich dazu bewogen hat, es abzulehnen :)} Ng8 $1 25. N3h4 {
Beinhaltet bereits ein ziemlich spekulatives Figurenopfer:} g6 26. hxg6+ fxg6
27. g4 $5 (27. Nxg6 {funktioniert noch weniger:} Kxg6 28. Kg2 Ndf6 29. Rh1 h5
$17) 27... gxf5 28. exf5 Bf7 29. g5 hxg5 $2 {Die Aufgabe von Schwarz war keine
einfache, der Textzug vergibt bereits den Gewinn. Dieser war nur mit} (29...
Bh5 $1 $19 {nachzuweisen}) 30. Bxg5 Ngf6 $2 {Und jetzt auch noch der falsche
Springer:} (30... Ndf6 $1 31. Re3 e4 32. Rh3 Kg7 33. Ng2 (33. Ng6 Bxg6 34. fxg6
Kxg6 $19) 33... Bd5 $17) 31. Re3 Qh8 32. Rh3 Kg7 33. Qe3 Bh5 $2 (33... e4 $1
34. Ng6 Ng4 $1 $11 {scheint immer noch - erstaunlicherweise - zu halten}) 34.
Ng6 $18 Qh7 35. Qg3 Nd5 36. Bxd8 Rxd8 37. Nf4+ Kf8 38. Ne6+ Ke7 39. f6+ 1-0